De A à Z les peuples gaulois de France (plusieurs possibilités) - Statistiques

Statistiques générales
  • Ce quiz a été pris 48 fois
  • Le résultat moyen est 6 sur 18
Statistiques - réponses
Lettre Peuple % Correct
A Abrincates | Allobroges | Andécaves | Atrébates | Aulerques | Arverne | Albienses | Albiques | Ambarres | Ambilatres | Ambivarètes | Anagnutes | Anatiliens | Antobroges | Atacini | Atheux | Aturenses | Ausques | Avatiques
98%
E Eburons | Eduens | Edênates | Eburovices | Eleutètes | Elisyques | Elusates | Esubiens | Esuviens
72%
S Sagiens | Salyens | Santons | Sardones | Sassuminiens | Savincates | Sabagini | Sédunes | Ségobriges | Ségovellaunes | Séguslaves | | Sénons | Séquanes | Sibusates | Silvanectes | Sogiontiques | Sotiates | Suessions | Suètres
48%
V Vasates | Véamines | Vediantes | Velaunes | Véliocasses | Vellaves | Vénètes | Vergons | Verrucins | Vésubiens | Viducasses | Viromanduens | Vocates | Voconces | Volques | Vordenses | Vulgiente
48%
B Bajocasses | Bituriges | Boïens | Basabocates | Bélendes | Bellovaques | Bénéharnais | Bercorates | Bérétins | Bigerrions | Bipedimuens | Blavoniens | Bodiontiques | Boïates | Brigiani
41%
R Rauraques | Riédons | Reil | Rèmes | Rutènes
39%
C Carnutes | Consolites | Caeroesi | Calètes | Cambolectres | Campones | Catalaunes | Caturiges | Cavares | Cénomans | Cocosates | Coenicenses | Commones | Condruses | Consorans
35%
N Namnètes | Néarches | Némalones | Németures | Némétes | Nérusiens | Nerviens | Nitiobriges
35%
P Parisiens | Ptianes | Pétrocoriens | Pictons
33%
L Lactorates | Lémovices | Leuques | Lexoviens | Ligaunes | Lingons
26%
T Tarbelles | Tarusales | Tébaves | Tolosates | Triboques | Tricasses | Tricastins | Tricores | Turons
24%
M Mandubiens | Médiomatrices | Médules | Médulles | Meldes | Méminiens | Ménapiens | Monèses | Montanes | Morins
22%
O Onobrisates [ Oratellens | Oscidates | Osismes | Oxybiens
15%
U Unelles
11%
D Déciates | Dexcivates | Diablintes | Durocasses
7%
G Gabales | Garoumnes | Geidumnes | Graiocèles
7%
H Helviens
4%
I Iconiens | Ilourais
2%
Aucun quiz correspondant
Distribution des résultats
% des personnes avec chaque résultat
Percentile par nombre de réponses
Votre historique - résultats
Vous n’avez pas pris ce quiz